Die Unternehmung Einführung in die allgemeine Betriebswirtschaftslehre

Na minha lista:
Detalhes bibliográficos
Formato: Livro
Idioma:alemão
Publicado em: Zürich Schweizerischer Kaufmännischer Verein 1945
Tags: Adicionar Tag
Sem tags, seja o primeiro a adicionar uma tag!

MARC

LEADER 00000nam a2200000 4500
001 0308289
005 20250425105727.7
041 0 |a ger 
044 |a CH 
245 1 0 |a Die Unternehmung  |b Einführung in die allgemeine Betriebswirtschaftslehre  |c J. Burri 
264 1 |a Zürich  |b Schweizerischer Kaufmännischer Verein  |c 1945